000 00562nam a2200181Ia 4500
005 20260415160329.0
008 008 250505s9999 xx 000 0 eng d
037 _aTextual
040 _aFEDL
_beng
_cFEDL
041 _aeng
_2eng
084 _a711.58 HOU
_qFEDL
245 0 _aNational housing
260 _aBombay, India
_bVora and Company Publishers Private Limited
_c1948
300 _a141p
490 _aNational planning committee series: Report of sub-committee
942 _cTEXL
_h711.58 HOU
999 _c1321749
_d1321749